X Tracklist (Ken Carson) - Statistics

General Stats
  • This quiz has been taken 379 times
  • The average score is 14 of 20
Answer Stats
Hint Answer % Correct
14 Freestyle 2
90%
1 Intro
88%
6 MDMA (feat. Destroy Lonely)
87%
13 Freestyle 1
86%
7 X
85%
16 Murda Musik(feat. Destroy Lonely)
82%
3 Gems
80%
20 The End
80%
5 Go
75%
2 New
75%
4 Nobody
69%
8 PDBMH
68%
10 South Beach
67%
15 Fuk 12
57%
11 Going Schitz
54%
19 Turn Up
54%
9 Money Hunt
53%
18 Get Rich Or Die
52%
12 Same Thing
49%
17 Delinquent(feat. Homixide Gang)
40%
No matching quizzes found
Score Distribution
Percent of People with Each Score
Percentile by Number Answered
Your Score History
You have not taken this quiz